Teaching of yoga/ (Record no. 7908)
[ view plain ]
| 000 -LEADER | |
|---|---|
| fixed length control field | 00632 a2200193 4500 |
| 010 ## - LCCN (DPL NO) | |
| LC control number | ENG-88246 |
| 020 ## - INTERNATIONAL STANDARD BOOK NUMBER | |
| International Standard Book Number | 8131302163 |
| Terms of availability | 695.00 |
| 035 ## - SYSTEM CONTROL NUMBER | |
| System control number | EN-71779 |
| 037 ## - SOURCE OF ACQUISITION | |
| Source of stock number/acquisition | DBAD / PUB |
| 082 14 - DEWEY DECIMAL CLASSIFICATION NUMBER | |
| Classification number | 613.7046 |
| 100 1# - MAIN ENTRY--PERSONAL NAME | |
| Personal name | Tiwari, Saket Raman |
| 245 1# - TITLE STATEMENT | |
| Title | Teaching of yoga/ |
| Statement of responsibility, etc | by Saket Raman Tiwari; edited by Y. K. Singh |
| 260 ## - PUBLICATION, DISTRIBUTION, ETC. (IMPRINT) | |
| Place of publication, distribution, etc | New Delhi |
| Name of publisher, distributor, etc | APH Publishing Corporatioon |
| Date of publication, distribution, etc | 2007 |
| 270 ## - ADDRESS | |
| Address | 5, Ansari Road, Darya Ganj |
| City | New Delhi |
| State or province | 110 002 |
| Electronic mail address | aphbooks@vsnl.net |
| 300 ## - PHYSICAL DESCRIPTION | |
| Extent | x, 290 p. |
| Dimensions | 21cm (Hb) |
| 500 ## - GENERAL NOTE | |
| General note | includes bibliographical refrence |
| 700 1# - ADDED ENTRY--PERSONAL NAME | |
| Personal name | Singh, Y. K. |
| 942 ## - ADDED ENTRY ELEMENTS (KOHA) | |
| Institution code [OBSOLETE] | dpl |
| Item type | English Books |
| Source of classification or shelving scheme | Dewey Decimal Classification |
| Classification part | 613.7076 |
| Call number suffix | TIW |
| Withdrawn status | Lost status | Not for loan | Collection code | Home library | Current library | Source of acquisition | Cost, normal purchase price | Full call number | Barcode | Copy number | Cost, replacement price | Koha item type |
|---|---|---|---|---|---|---|---|---|---|---|---|---|
| Not For Loan | Non-fiction | D.B.Act.Division | D.B.Act.Division | DBAD/PUB | 695.00 | 613.7076 TIW | EN-71779 | 1 | 695.00 | English Books |
